[Event "Czech Fed-ch U16"]
[Site "Hrdonov"]
[Date "2013.11.01"]
[Round "8"]
[White "Kosar, Matej"]
[Black "Kostelecky, Daniel"]
[Result "1/2-1/2"]
[WhiteElo "1693"]
[BlackElo "1591"]
[PlyCount "79"]
[EventDate "2013.10.26"]
[EventType "swiss"]
[EventRounds "9"]
[EventCountry "CZE"]
[SourceTitle "EXT 2016"]
[Source "ChessBase"]
[SourceDate "2015.10.08"]
[SourceVersion "1"]
[SourceVersionDate "2015.10.08"]
[SourceQuality "1"]

1. e4 d6 2. d4 Nf6 3. Nc3 g6 4. Bc4 Bg7 5. Nge2 0-0 6. 0-0 Nc6 7. f4 Nxe4 8. Bxf7+ Rxf7 9. Nxe4 e6 10. c3 Ne7 11. N2g3 h6 12. Qc2 Nf5 13. Nxf5 exf5 14. Ng3 Be6 15. Re1 Qd7 16. Qd3 d5 17. Bd2 Re8 18. Re2 a6 19. Rae1 Qd6 20. b3 c5 21. dxc5 Qxc5+ 22. Kh1 Rfe7 23. Nf1 Kf7 24. h3 Rc8 25. Re3 d4 26. cxd4 Bxd4 27. Rc1 Bxe3 28. Rxc5 Bxc5 29. Bc3 Rec7 30. Be5 Rc6 31. Nd2 Be7 32. Nf3 Rc2 33. Nd4 Rxa2 34. Nxe6 Kxe6 35. Qd4 Rcc2 36. Qb6+ Kf7 37. Qxb7 Rxg2 38. Qd5+ Ke8 39. Qc6+ Kf8 40. Qa8+ 1/2-1/2

[Event "Czech Fed-ch U16"]
[Site "Hrdonov"]
[Date "2013.10.31"]
[Round "7"]
[White "Horak, Ales"]
[Black "Kosar, Matej"]
[Result "1-0"]
[WhiteElo "1988"]
[BlackElo "1693"]
[PlyCount "61"]
[EventDate "2013.10.26"]
[EventType "swiss"]
[EventRounds "9"]
[EventCountry "CZE"]
[SourceTitle "EXT 2016"]
[Source "ChessBase"]
[SourceDate "2015.10.08"]
[SourceVersion "1"]
[SourceVersionDate "2015.10.08"]
[SourceQuality "1"]

1. e4 c5 2. Nf3 e6 3. d4 cxd4 4. Nxd4 a6 5. Bd3 Qc7 6. Nc3 Nf6 7. 0-0 b5 8. Be3 Bb7 9. a3 d6 10. Qe2 Nbd7 11. Kh1 Nc5 12. f3 Be7 13. Rae1 Rc8 14. Bg1 0-0 15. f4 Nfd7 16. Qg4 Bf6 17. Rf3 Nxd3 18. cxd3 Bxd4 19. Bxd4 e5 20. Rg3 g6 21. Be3 Nf6 22. Qh4 Ne8 23. f5 Qd8 24. Bg5 f6 25. fxg6 hxg6 26. Rh3 Rc7 27. Rf1 Rg7 28. Bh6 Rh7 29. Qg3 Ng7 30. Qxg6 Rf7 31. Rhf3 1-0

[Event "Hradec Kralove op"]
[Site "Hradec Kralove"]
[Date "2013.05.17"]
[Round "4"]
[White "Kosar, Matej"]
[Black "Liduch, Filip"]
[Result "0-1"]
[WhiteElo "1667"]
[BlackElo "1875"]
[PlyCount "24"]
[EventDate "2013.05.15"]
[EventType "swiss"]
[EventRounds "9"]
[EventCountry "CZE"]
[SourceTitle "CBM 154 Extra"]
[Source "ChessBase"]
[SourceDate "2013.06.25"]
[SourceVersion "2"]
[SourceVersionDate "2013.06.25"]
[SourceQuality "1"]

1. e4 e5 2. Nf3 Nc6 3. c3 Nf6 4. d4 exd4 5. e5 Nd5 6. cxd4 d6 7. Bc4 Nb6 8. Bb3 dxe5 9. Ng5 Bb4+ 10. Bd2 Qxg5 11. 0-0 Bxd2 12. Nxd2 Nxd4 0-1

[Event "Hradec Kralove op"]
[Site "Hradec Kralove"]
[Date "2013.05.16"]
[Round "2"]
[White "Kosar, Matej"]
[Black "Schoeppe, Christian"]
[Result "1-0"]
[WhiteElo "1667"]
[BlackElo "1668"]
[PlyCount "59"]
[EventDate "2013.05.15"]
[EventType "swiss"]
[EventRounds "9"]
[EventCountry "CZE"]
[SourceTitle "CBM 154 Extra"]
[Source "ChessBase"]
[SourceDate "2013.06.25"]
[SourceVersion "2"]
[SourceVersionDate "2013.06.25"]
[SourceQuality "1"]

1. e4 e6 2. d4 c5 3. d5 exd5 4. exd5 d6 5. c4 Nf6 6. Bg5 h6 7. Qe2+ Qe7 8. Bxf6 gxf6 9. Nd2 Bf5 10. f4 Nd7 11. 0-0-0 Qxe2 12. Bxe2 h5 13. Re1 0-0-0 14. Ngf3 h4 15. g3 hxg3 16. hxg3 Rxh1 17. Rxh1 Re8 18. Re1 Bg4 19. Bd1 Rxe1 20. Nxe1 f5 21. Bxg4 fxg4 22. Ne4 f5 23. Ng5 Bg7 24. Ne6 Bf6 25. Ng2 Bd4 26. Nxd4 cxd4 27. Nh4 Kc7 28. Nxf5 d3 29. Kd2 Nc5 30. b4 1-0

[Event "Hradec Kralove op"]
[Site "Hradec Kralove"]
[Date "2013.05.15"]
[Round "1"]
[White "Back, Tomas"]
[Black "Kosar, Matej"]
[Result "1/2-1/2"]
[WhiteElo "1922"]
[BlackElo "1667"]
[PlyCount "48"]
[EventDate "2013.05.15"]
[EventType "swiss"]
[EventRounds "9"]
[EventCountry "CZE"]
[SourceTitle "CBM 154 Extra"]
[Source "ChessBase"]
[SourceDate "2013.06.25"]
[SourceVersion "2"]
[SourceVersionDate "2013.06.25"]
[SourceQuality "1"]

1. e4 c5 2. Nf3 e6 3. d4 cxd4 4. Nxd4 a6 5. Be2 Qc7 6. 0-0 Nf6 7. Bf3 d6 8. Nc3 Nbd7 9. Re1 Ne5 10. Be3 b5 11. a3 Bb7 12. Bg5 Be7 13. Bxf6 Bxf6 14. Bh5 g6 15. Be2 Rd8 16. Qd2 Nc4 17. Bxc4 Qxc4 18. Rad1 0-0 19. Qe3 Qc7 20. Rd3 Qe7 21. Nf3 Rc8 22. Qd2 Rfd8 23. Qe3 Rc4 24. Ne2 Rc7 1/2-1/2

[Event "Nachod op"]
[Site "Nachod"]
[Date "2012.07.05"]
[Round "6"]
[White "Sedlacek, Jan"]
[Black "Kosar, Matej"]
[Result "1-0"]
[WhiteElo "1919"]
[BlackElo "1698"]
[PlyCount "49"]
[EventDate "2012.06.30"]
[EventType "swiss"]
[EventRounds "9"]
[EventCountry "CZE"]
[SourceTitle "CBM 149 Extra"]
[Source "ChessBase"]
[SourceDate "2012.08.24"]
[SourceVersion "1"]
[SourceVersionDate "2012.08.24"]
[SourceQuality "1"]

1. e4 c5 2. Nf3 e6 3. Be2 Nc6 4. 0-0 d6 5. d4 cxd4 6. Nxd4 Nf6 7. Nc3 Be7 8. Be3 0-0 9. f4 a6 10. Bf3 Nd7 11. Kh1 Nb6 12. b3 Nd7 13. Nce2 Qc7 14. c4 Nxd4 15. Nxd4 Bf6 16. Qe1 e5 17. Nf5 Nb6 18. Qf2 Bd8 19. Ng3 Nd7 20. f5 Bh4 21. Qd2 Bxg3 22. hxg3 Rd8 23. Rad1 Nb8 24. Qf2 Rd7 25. f6 1-0